000 00491nam a2200181 i 4500
001 63606
005 20230411085921.0
008 081017b1987 dr a 000 0 spa
040 _aDRFGD
_bspa
041 _aspa
050 1 4 _a
110 _aInstituto superior de agricultura (ISA).
245 0 0 _aEstudios basicos para el desarrollo de un plan de manrjo de bosque seco Dominicano.
260 _aSanto Domingo ,
_c1987.
300 _a119p, ill
942 _2lcc
_cbk
946 _aclperez
999 _c109271
_d109271